सौ-सौ चाँद / (Record no. 50518)

MARC details
000 -LEADER
fixed length control field 01087nam a22002657a 4500
005 - DATE AND TIME OF LATEST TRANSACTION
control field 20110214110156.0
008 - FIXED-LENGTH DATA ELEMENTS--GENERAL INFORMATION
fixed length control field 090211t xxu||||| |||| 00| 0 hin d
010 ## - LCCN (DPL NO)
LC control number HIN-91864
020 ## - INTERNATIONAL STANDARD BOOK NUMBER
Terms of availability 200.00
International Standard Book Number 9788177112351
035 ## - SYSTEM CONTROL NUMBER
System control number HN-64210
037 ## - SOURCE OF ACQUISITION
Source of stock number/acquisition DBAD / PUB
040 ## - CATALOGING SOURCE
Original cataloging agency DPL
Language of cataloging HN
082 ## - DEWEY DECIMAL CLASSIFICATION NUMBER
Classification number 821
100 ## - MAIN ENTRY--PERSONAL NAME
Personal name वर्मा, सतीश
9 (RLIN) 25892
245 ## - TITLE STATEMENT
Title सौ-सौ चाँद /
Statement of responsibility, etc सतीश वर्मा
246 ## - VARYING FORM OF TITLE
Title proper/short title Soe soe chand
Remainder of title by satish varma
260 ## - PUBLICATION, DISTRIBUTION, ETC. (IMPRINT)
Place of publication, distribution, etc जयपुर
Name of publisher, distributor, etc साहित्यागार
Date of publication, distribution, etc 2011
270 ## - ADDRESS
Address 958, धामाणी मार्केट की गली, चौड़ा रास्ता
City जयपुर
Postal code 302003
300 ## - PHYSICAL DESCRIPTION
Extent x,102पृ.
Dimensions 22सेमी. (सजिल्द)
650 ## - SUBJECT ADDED ENTRY--TOPICAL TERM
9 (RLIN) 1169
Topical term or geographic name as entry element हिन्दी कविता
650 ## - SUBJECT ADDED ENTRY--TOPICAL TERM
9 (RLIN) 25893
Topical term or geographic name as entry element Hindi Poetry
700 ## - ADDED ENTRY--PERSONAL NAME
Personal name
9 (RLIN) 25894
942 ## - ADDED ENTRY ELEMENTS (KOHA)
Source of classification or shelving scheme Dewey Decimal Classification
Item type Hindi Books
Classification part 821
Call number suffix वर्मास
Holdings
Withdrawn status Lost status Source of classification or shelving scheme Damaged status Not for loan Collection code Home library Current library Date acquired Source of acquisition Cost, normal purchase price Total Checkouts Full call number Barcode Date last seen Copy number Cost, replacement price Koha item type
    Dewey Decimal Classification   Not For Loan Non-fiction D.B.Act.Division D.B.Act.Division 14/02/2011 DBAD /PUB 200.00   821 वर्मास HN-64210 14/02/2011 1 200.00 Hindi Books

© Delhi Public Library
Hit Counter
free hit counter